000
00323nam a2200133Ia 4500
003
OSt
008
191201s1992 xx 000 0 und d
100
_a
AGGARWAL, R.K.
245
0
_a
Principles of Electrical Machine Design
260
_a
N. Delhi
_b
S.K.Kataria
_c
1992
300
_a
525
650
_a
B.Tech(ECE)
942
_2
ddc
_c
BK
999
_c
433
_d
433